000 00286nam a22001337a 4500
008 170724b xxu||||| |||| 00| 0 eng d
020 _a0131853538
041 _aeng
080 _a004
100 _a29
101 _aSHK
245 _aDIGITAL PHOTOGRAPHY
_cJAYNES,J.T
942 _2udc
_cBK
999 _c21786
_d21786